000 01433cam a22003977a 4500
003 CHAP
005 20220329141833.0
008 971201d1997 mx a r 00110 spa d
010 _a74598
011 _a75570
035 _a85134
040 _cCHAP
090 _aTesis
100 0 0 _aZamudio Piña, Enrique.
_9123564
245 1 0 _aAlternativas para engordar borregos en Santa María del Llano, Ixtlahuaca, México
_c/por Enrique Zamudio Piña
260 _aChapingo, Méx. :
_bEl autor,
_c1997.
300 _a84 h. :
_bgráfs.
502 _aTesis (Ing. Agr. Esp. en Fitotecnia) -- UACH. Departamento de Fitotecnia
590 _aALEPH
_b10
_c20130110
_lUCH01
_h1420
590 _aBATCH-UPD
_b10
_c20130110
_lUCH01
_h0607
590 _aBATCH-UPD
_b10
_c20130110
_lUCH01
_h2251
590 _aBATCH-UPD
_b10
_c20130410
_lUCH01
_h0249
590 _aBATCH-UPD
_b10
_c20130914
_lUCH01
_h1513
590 _aCONVERSION
_b10
_c20130109
_lUCH01
_h1341
650 1 4 _aGanado lanar
_xAlimentación.
_945153
650 1 4 _aGanado lanar
_xEngorda.
_945175
650 1 4 _aGanado lanar
_xMéxico (Edo.)
_945200
650 1 4 _aGanado lanar
_xPastoreo.
_945209
650 1 4 _aLolium multiflorum.
_967504
901 _aBK
905 _aAlejandra Carrasco M.
942 _cFOLL
949 _bBC
_cTES
_d33724000637989
_eTS2
_fc.2
_h31536
_i85134
_sb
949 _bBC
_cTES
_d33724000756334
_eTS2
_fc.3
_h35491
_i85134
_si
949 _bBC
_cTES
_d851341
_eTS1
_h31536
_i85134
_sb
999 _c74598
_d74598